|
|
|
|
| LEADER |
00000nam a22000007a 4500 |
| 005 |
20130712135345.0 |
| 007 |
cr|||| |||| |
| 008 |
130712s2013 mx |||||s|||| 00||0 spa d |
| 020 |
|
|
|a 978-607-402-580-4
|
| 035 |
|
|
|a 11407
|
| 040 |
|
|
|a vLex
|
| 090 |
|
|
|c 4449
|d 4449
|
| 100 |
1 |
|
|a Vargas Pasaye, Rafael G.
|
| 245 |
1 |
0 |
|a Apuntes de un consultor en campaą
|h [Recurso electrn̤ico] /
|c Rafael G. Vargas Pasaye
|
| 256 |
|
|
|a Servicio en ln̕ea
|
| 260 |
|
|
|a Mx̌ico D.F:
|b Plaza y Valdš Editores,
|c 2013
|
| 300 |
|
|
|a 1 recurso electrn̤ico
|
| 506 |
1 |
|
|a Contenido solo disponible en los productos indicados
|d vLex Global
|d vLex Global (Academic Edition, excluding Law Schools)
|d vLex Global (U.S. Academic Edition, Law Schools)
|d vLex Global (U.S. Academic Edition, excluding Law Schools)
|d vLex Global (Academic Edition, Law Schools)
|
| 650 |
0 |
4 |
|a Consultores
|z Mx̌ico
|
| 650 |
0 |
4 |
|a Asesores en relaciones pb︢licas
|z Mx̌ico
|
| 740 |
0 |
|
|a vLex Libros (Servicio en ln̕ea)
|
| 856 |
4 |
0 |
|u http://vlex.com/source/apuntes-consultor-campa-a-11407
|z Accesor estringido
|
| 942 |
|
|
|c BOOK
|
| 999 |
0 |
|
|a Public relations consultants
|